000 00873nas a2200301 4500
001 BR2014007607
003 BR-BrBNA
005 20231205124756.0
007 ta
008 230509b bl.|||p| |||| 00| 00por d
040 _aBR-BrBNA
_bpor
_cBiblioteca Nacional de Agricultura
041 _a(En)
072 _aL51
100 1 _aFerras, P.F.P.
100 1 _aYanagi Junior, T.
100 1 _aJulio, Y.F.H.
100 1 _aCastro, J. de O.
100 1 _aGates, R.S.
100 1 _aReis, G.M.
100 1 _aCampos, A.T.
245 1 _aPredicting chick body mass by artificial intelligence-based models
650 _aPINTO
650 _aTEMPERATURA
650 _aBEM-ESTAR
773 0 _tPesquisa Agropecuária Brasileira (Brazil)
_xISSN 0100-204X
_g(Jul 2014), v. 49(7) p. 559-598
_wBR2014007607
909 _a202311
_bLúcia
_c55
_dLúcia Elande
942 _2AGRIS
_n0
_cANA
999 _c240830
_d240830